000 00876pam a2200265 a 4500
001 4452991
003 OSt
005 20170421103510.0
008 950816s1996 ilua 001 0 eng
010 _a 95037183
020 _a9780256124026
040 _aDLC
_cDLC
_dDLC
050 0 0 _aT353
_b.F97 1996
082 0 0 _a604.2
_220
245 0 0 _aFundamentals of graphics communication /
_cGary R. Bertoline ... [et al.].
260 _aChicago :
_bIrwin,
_c1996
300 _axxiv, 627, 59, 7 p. :
_bill. (some col.) ;
_c26 cm.
440 0 _aIrwin graphics series
500 _aIncludes index.
650 0 _aEngineering graphics.
700 1 _aBertoline, Gary R.
906 _a7
_bcbc
_corignew
_d1
_eocip
_f19
_gy-gencatlg
942 _2lcc
_cBK
999 _c50071
_d50071